| 000 | 00360nam a2200133Ia 4500 | ||
|---|---|---|---|
| 008 | 150202s9999 xx 000 0 und d | ||
| 020 | _a140106995 | ||
| 050 |
_aFIC _bFIC |
||
| 100 | _aBoyd, William. | ||
| 245 | 4 |
_aThe new confessions / _cWilliam Boyd. |
|
| 260 |
_aNew Zealand _bPenguin Books, _c1987. |
||
| 300 |
_a528 pages : _c18 cm. |
||
| 650 | _aFiction. | ||
| 999 |
_c281869 _d281869 |
||